Green's operative hand surgery (Registro nro. 5116)
[ vista simple ]
| 000 -CABECERA | |
|---|---|
| campo de control de longitud fija | 00881nam a22002897a 4500 |
| 001 - NÚMERO DE CONTROL | |
| campo de control | IT\ICCU\UTO\1209829 |
| 003 - IDENTIFICADOR DEL NÚMERO DE CONTROL | |
| campo de control | ItRI |
| 005 - FECHA Y HORA DE LA ÚLTIMA TRANSACCIÓN | |
| campo de control | 20241122062824.0 |
| 008 - DATOS DE LONGITUD FIJA--INFORMACIÓN GENERAL | |
| campo de control de longitud fija | 141113s2011 xxu|||||| ||||| |||||c |
| 020 ## - NÚMERO INTERNACIONAL ESTÁNDAR DEL LIBRO | |
| Número Internacional Estándar del Libro | 9781455774272 |
| Información calificativa | set |
| 020 ## - NÚMERO INTERNACIONAL ESTÁNDAR DEL LIBRO | |
| Número Internacional Estándar del Libro | 9996117200 |
| Información calificativa | Vol. 1 |
| 020 ## - NÚMERO INTERNACIONAL ESTÁNDAR DEL LIBRO | |
| Número Internacional Estándar del Libro | 9996117146 |
| Información calificativa | Vol. 2 |
| 040 ## - FUENTE DE LA CATALOGACIÓN | |
| Centro/agencia transcriptor | AR-RoIUNI |
| 041 #7 - CÓDIGO DE LENGUA | |
| Código de lengua del texto/banda sonora o título independiente | eng |
| Fuente del código | ISO-639-2 |
| 080 ## - NÚMERO DE LA CLASIFICACIÓN DECIMAL UNIVERSAL | |
| Número de la Clasificación Decimal Universal | 617.576 WOL |
| 100 1# - ENTRADA PRINCIPAL--NOMBRE DE PERSONA | |
| Nombre de persona | Wolfe, Scott W. |
| Número de control de registro de autoridad | IT\ICCU\RMCV\014072 |
| Código de función/relación | edt |
| 245 10 - MENCIÓN DE TÍTULO | |
| Título | Green's operative hand surgery |
| Mención de responsabilidad, etc. | [edited by] Scott W. Wolfe ... [et al.]. |
| 250 ## - MENCIÓN DE EDICIÓN | |
| Mención de edición | 7a. ed. |
| 260 ## - PUBLICACIÓN, DISTRIBUCIÓN, ETC. (PIE DE IMPRENTA) | |
| Lugar de publicación, distribución, etc. | Philadelphia |
| Nombre del editor, distribuidor, etc. | Elsevier |
| Fecha de publicación, distribución, etc. | c2017 |
| 300 ## - DESCRIPCIÓN FÍSICA | |
| Extensión | 2 v. |
| Otras características físicas | ill ; |
| Dimensiones | 28 cm. |
| 650 10 - PUNTO DE ACCESO ADICIONAL DE MATERIA--TÉRMINO DE MATERIA | |
| Término de materia o nombre geográfico como elemento inicial | Cirugía |
| 9 (RLIN) | 78 |
| 650 14 - PUNTO DE ACCESO ADICIONAL DE MATERIA--TÉRMINO DE MATERIA | |
| Término de materia o nombre geográfico como elemento inicial | Mano |
| 700 1# - PUNTO DE ACCESO ADICIONAL--NOMBRE DE PERSONA | |
| Nombre de persona | Kozin, Scott H. |
| Número de control de registro de autoridad | IT\ICCU\BVEV\027128 |
| Código de función/relación | edt |
| 700 1# - PUNTO DE ACCESO ADICIONAL--NOMBRE DE PERSONA | |
| Nombre de persona | Pederson, William C. |
| Número de control de registro de autoridad | IT\ICCU\RMCV\011917 |
| Código de función/relación | edt |
| 700 1# - PUNTO DE ACCESO ADICIONAL--NOMBRE DE PERSONA | |
| Nombre de persona | Hotchkiss, Robert N. |
| Número de control de registro de autoridad | IT\ICCU\USMV\874388 |
| Código de función/relación | edt |
| 942 ## - ELEMENTOS DE PUNTO DE ACCESO ADICIONAL (KOHA) | |
| Fuente del sistema de clasificación o colocación | Clasificación Decimal Universal |
| Tipo de ítem Koha | Libros |
| Estado de retiro | Estado de pérdida | Fuente del sistema de clasificación o colocación | Estado dañado | Excepción de préstamo | Código de colección | Localización permanente | Ubicación/localización actual | Ubicación en estantería | Fecha de adquisición | Enumeración/cronología de publicación seriada | Número de inventario | Total de préstamos | Signatura topográfica completa | Código de barras | Fecha visto por última vez | Precio válido a partir de | Tipo de ítem Koha |
|---|---|---|---|---|---|---|---|---|---|---|---|---|---|---|---|---|---|
| Clasificación Decimal Universal | Medicina | BIBLIOTECA CENTRAL | BIBLIOTECA CENTRAL | BIBLIOTECA CENTRAL | 19/09/2019 | Vol. 1 | 6660 | 617.576 WOL | 6660c | 19/09/2019 | 19/09/2019 | Libros | |||||
| Clasificación Decimal Universal | Medicina | BIBLIOTECA CENTRAL | BIBLIOTECA CENTRAL | BIBLIOTECA CENTRAL | 19/09/2019 | Vol. 2 | 6661 | 617.576 WOL | 6661c | 19/09/2019 | 19/09/2019 | Libros |

